Supplement: retail (Record no. 67682)
[ view plain ]
| 000 -LEADER | |
|---|---|
| fixed length control field | 01232cam a2200337 4500 |
| 001 - CONTROL NUMBER | |
| control field | ABS64134 |
| 008 - FIXED-LENGTH DATA ELEMENTS--GENERAL INFORMATION | |
| fixed length control field | 000000n2001 000 0 eng u |
| 035 ## - SYSTEM CONTROL NUMBER | |
| System control number | (Sirsi) u113592 |
| 100 ## - MAIN ENTRY--PERSONAL NAME | |
| Personal name | Lawson, D. |
| 245 ## - TITLE STATEMENT | |
| Title | Supplement: retail |
| 260 ## - PUBLICATION, DISTRIBUTION, ETC. | |
| Date of publication, distribution, etc. | 2001 |
| 490 ## - SERIES STATEMENT | |
| Series statement | Property Week Supplement |
| Volume/sequential designation | June 2001, 1-48(19) LOAN |
| 520 ## - SUMMARY, ETC. | |
| Summary, etc. | Special supplement profiling the retail sector. Discusses changes in the property arm of the Kingfisher retail group, the emergence of Next as a major retail player, and the future of factory outlet and designer villages. Includes an interview with David Fischel, head of Liberty International, and an analysis of shopping centre yields and transactions. |
| 590 ## - LOCAL NOTE (RLIN) | |
| Local note | ABS |
| 650 ## - SUBJECT ADDED ENTRY--TOPICAL TERM | |
| Topical term or geographic name entry element | FACTORY OUTLET CENTRES |
| 650 ## - SUBJECT ADDED ENTRY--TOPICAL TERM | |
| Topical term or geographic name entry element | FACTORY OUTLET VILLAGES |
| 650 ## - SUBJECT ADDED ENTRY--TOPICAL TERM | |
| Topical term or geographic name entry element | FACTORY OUTLETS |
| 650 ## - SUBJECT ADDED ENTRY--TOPICAL TERM | |
| Topical term or geographic name entry element | HIGH STREET RETAILING |
| 650 ## - SUBJECT ADDED ENTRY--TOPICAL TERM | |
| Topical term or geographic name entry element | RETAIL OUTLETS |
| 650 ## - SUBJECT ADDED ENTRY--TOPICAL TERM | |
| Topical term or geographic name entry element | RETAIL PROPERTY |
| 650 ## - SUBJECT ADDED ENTRY--TOPICAL TERM | |
| Topical term or geographic name entry element | RETAIL SECTOR |
| 650 ## - SUBJECT ADDED ENTRY--TOPICAL TERM | |
| Topical term or geographic name entry element | SHOPPING CENTRE YIELDS |
| 650 ## - SUBJECT ADDED ENTRY--TOPICAL TERM | |
| Topical term or geographic name entry element | SHOPPING CENTRES |
| 650 ## - SUBJECT ADDED ENTRY--TOPICAL TERM | |
| Topical term or geographic name entry element | SHOPPING MALLS |
| 690 ## - LOCAL SUBJECT ADDED ENTRY--TOPICAL TERM (OCLC, RLIN) | |
| Topical term or geographic name as entry element | PROPERTY-COMMERCIAL PROPERTY-RETAIL PROPERTY |
| 700 ## - ADDED ENTRY--PERSONAL NAME | |
| Personal name | Barrie, G. |
| 700 ## - ADDED ENTRY--PERSONAL NAME | |
| Personal name | Eade, C. |
| 700 ## - ADDED ENTRY--PERSONAL NAME | |
| Personal name | Watson, S. |
| 700 ## - ADDED ENTRY--PERSONAL NAME | |
| Personal name | Geaves, C. |
| 942 ## - ADDED ENTRY ELEMENTS (KOHA) | |
| Suppress in OPAC | 0 |
| Withdrawn status | Lost status | Source of classification or shelving scheme | Damaged status | Not for loan | Home library | Current library | Shelving location | Date acquired | Total Checkouts | Full call number | Barcode | Date last seen | Copy number | Price effective from | Koha item type |
|---|---|---|---|---|---|---|---|---|---|---|---|---|---|---|---|
| Dewey Decimal Classification | London | London | Journal article | 09/07/2001 | ABS64134 | 30064105 | 06/08/2019 | 1 | 06/08/2019 | Journal article |